LEADER 01094nam0-22002891i-450- 001 990002205010403321 005 20060927140841.0 035 $a000220501 035 $aFED01000220501 035 $a(Aleph)000220501FED01 035 $a000220501 100 $a20030910d1953----km-y0itay50------ba 101 0 $aeng 102 $aGB 200 1 $aDictionary of organic compounds$ethe constitution and physical and chemical properties of the principal carboncompounds and their derivates, together with the relevant literature references$feditors-in-chief sir Ian Heilbron, H.M. Bunbury$geditors A.H. Cook, E.R.H. Jones ... [et al.] 210 $aLondon$cEyre and Spottiswoode$d1953 215 $a4 v.$d27 cm 327 1 $a1.: Abadole-Cytosine$a2.: D.A.-Hystazarin$a3.: Ibogaine-Nw/Acid$a4.: Abaculactone-Zymosterol 702 1$aBunbury,$bH.M. 702 1$aHeilbron,$bIan 801 0$aIT$bUNINA$gRICA$2UNIMARC 901 $aBK 912 $a990002205010403321 952 $a80 XXV 38$b2536/37/38/39$fFFABC 959 $aFFABC 996 $aDictionary of organic compounds$9359067 997 $aUNINA LEADER 01353cam0-22004451i-450- 001 990001446330403321 005 20050706124214.0 010 $a3-540-67736-4 035 $a000144633 035 $aFED01000144633 035 $a(Aleph)000144633FED01 035 $a000144633 100 $a20001205d2000----km-y0itay50------ba 101 2 $aeng$afre 102 $aDE$aGB 105 $aa-------101yy 200 1 $aLectures on probabililty theory and statistics$eEcole d'Eté de de Probabilités de Saint-Flour XXVIII - 1998$fM. Emery, A. Nemirovski, D. Voiculescu$geditor Pierre Bernard 210 $aBerlin ; London$cSpringer$d2000 215 $aXI, 349 p.$cill.$d24 cm 225 1 $aLecture notes in mathematics$v1738 610 0 $aTeoria della probabilita 610 0 $aProbabilita e statistica 610 0 $aStatistica matematica 676 $a519 676 $a519.2 700 1$aEmery,$bMichel$057372 701 1$aNemirovski,$bArkadi$0147502 701 1$aVoiculescu,$bDan$048579 801 0$aIT$bUNINA$gRICA$2UNIMARC 901 $aBK 912 $a990001446330403321 952 $aMXXIII-A-236$b8951$fMAS 952 $aC-20-(1738$b17735$fMA1 959 $aMA1 959 $aMAS 962 $a60-01 962 $a60-06 962 $a46L10 996 $aLectures on probabililty theory and statistics$9374094 997 $aUNINA LEADER 01287aam 2200397I 450 001 9910710281703321 005 20160121100808.0 024 8 $aGOVPUB-C13-eaf390dcb5f124d5cf6f2ae0ac212407 035 $a(CKB)5470000002476467 035 $a(OCoLC)935499361 035 $a(EXLCZ)995470000002476467 100 $a20160121d1980 ua 0 101 0 $aeng 181 $2rdacontent 182 $2rdamedia 183 $2rdacarrier 200 10$aContainer board $ereport no. 125 /$fT. L. Cummings; J. Horlick 210 1$aGaithersburg, MD :$cU.S. Dept. of Commerce, National Institute of Standards and Technology,$d1980. 215 $a1 online resource 225 1 $aNBSIR ;$v80-1829 300 $a1980. 300 $aContributed record: Metadata reviewed, not verified. Some fields updated by batch processes. 300 $aTitle from PDF title page. 320 $aIncludes bibliographical references. 517 $aContainer board 700 $aCummings$b T. L$01386493 701 $aCummings$b T. L$01386493 701 $aHorlick$b J$01386491 712 02$aUnited States.$bNational Bureau of Standards. 801 0$bNBS 801 1$bNBS 801 2$bGPO 906 $aBOOK 912 $a9910710281703321 996 $aContainer board$93443812 997 $aUNINA